[Event "NK-E Algemeen 2010"]
[Site "?"]
[Date "2010.04.03"]
[Round "9.19"]
[White "Bril, Mateo"]
[Black "Schuttevaer, Tim"]
[Result "1-0"]
[WhiteElo "897"]
[BlackElo "936"]
[PlyCount "96"]
[EventDate "2010.??.??"]

1. e4 e5 2. Nf3 Nc6 3. Bb5 d6 4. Nc3 Bg4 5. Bxc6+ bxc6 6. d3 Nf6 7. O-O g6 8.
h3 Bxf3 9. Qxf3 Bg7 10. Bg5 O-O 11. a3 Rb8 12. b3 c5 13. Nd5 h6 14. Bxf6 Bxf6
15. Qxf6 Qxf6 16. Nxf6+ Kg7 17. Nd5 c6 18. Nc3 Rfd8 19. Rad1 d5 20. a4 d4 21.
Ne2 a5 22. f4 exf4 23. Nxf4 Rf8 24. Ne2 Rb7 25. Ng3 Rbb8 26. Rde1 Rb7 27. e5
Re7 28. Re2 Rfe8 29. Rfe1 Kh7 30. Kh2 Re6 31. Re4 Kg7 32. Kh1 R8e7 33. Kg1 Re8
34. Kf2 Kh7 35. Ke2 Rxe5 36. Rxe5 Rxe5+ 37. Kd2 Rg5 38. Ne4 Rxg2+ 39. Kc1 h5
40. Nxc5 Rg5 41. Ne4 Rg2 42. Nf6+ Kg7 43. Rf1 Rg3 44. Ne8+ Kh7 45. Rxf7+ Kh8
46. Kb2 Kg8 47. Rf1 c5 48. c4 dxc3+ 1-0

[Event "NK-E Algemeen 2010"]
[Site "?"]
[Date "2010.04.03"]
[Round "9.20"]
[White "Makkus, Stijn"]
[Black "Martens, Vincent"]
[Result "0-1"]
[WhiteElo "851"]
[BlackElo "1005"]
[PlyCount "104"]
[EventDate "2010.??.??"]

1. e4 d5 2. Nc3 d4 3. Nb1 e5 4. Nf3 f6 5. c4 Bg4 6. Be2 Nc6 7. Nxd4 Qxd4 8.
Bxg4 Qxe4+ 9. Be2 Qxg2 10. Bf3 Qh3 11. Bxc6+ bxc6 12. d3 Qd7 13. Qf3 Bb4+ 14.
Bd2 Bxd2+ 15. Kxd2 Ne7 16. Nc3 O-O 17. Rag1 Kh8 18. Qg2 Rg8 19. Qg4 Qxg4 20.
Rxg4 Rab8 21. Nd1 Rbd8 22. h4 Rd4 23. Rxd4 exd4 24. Re1 Ng6 25. h5 Ne5 26. Rh1
Re8 27. Ne3 dxe3+ 28. fxe3 Nf3+ 29. Ke2 Ng5 30. h6 gxh6 31. Rxh6 Kg7 32. Rh1
Kg6 33. Rg1 h5 34. e4 c5 35. Ke3 h4 36. d4 cxd4+ 37. Kxd4 Kh5 38. Rh1 Rxe4+ 39.
Kc3 h3 40. c5 Kh4 41. c6 Kg3 42. Rg1+ Kf2 43. Rh1 Kg2 44. Rc1 f5 45. b4 f4 46.
b5 f3 47. Rc2+ f2 48. a4 h2 49. a5 h1=Q 50. a6 Qh3+ 51. Kd2 Qe3+ 52. Kd1 Qe1#
0-1

[Event "NK-E Algemeen 2010"]
[Site "?"]
[Date "2010.04.03"]
[Round "9.21"]
[White "Leeuwen, Louis van"]
[Black "Janssen, Aron"]
[Result "0-1"]
[WhiteElo "653"]
[BlackElo "991"]
[PlyCount "110"]
[EventDate "2010.??.??"]

1. e4 e5 2. Nf3 Nc6 3. Bc4 Bc5 4. O-O h6 5. h3 Nf6 6. Nc3 d6 7. d3 Be6 8. Bxe6
fxe6 9. Re1 O-O 10. Re2 d5 11. exd5 exd5 12. Be3 d4 13. Nd5 dxe3 14. Nxf6+ Qxf6
15. fxe3 Rad8 16. Qf1 Qf4 17. Kh1 Bxe3 18. Rae1 Bd4 19. c3 Bc5 20. b4 Bd6 21.
g4 Qxf3+ 22. Qxf3 Rxf3 23. b5 Ne7 24. c4 Rxd3 25. Kg2 Ng6 26. Re4 Nf4+ 27. Kf1
Rf8 28. h4 Rd2 29. Kg1 Nh3+ 30. Kh1 Bc5 31. Rxe5 b6 32. R1e2 Rxe2 33. Rxe2 Nf2+
34. Kh2 Nxg4+ 35. Kg3 Nf6 36. Kf4 Bd6+ 37. Kf5 Nd5+ 38. Kg6 Rf6+ 39. Kh5 Nf4+
40. Kg4 Nxe2 41. h5 Rf4+ 42. Kh3 Rf5 43. Kg4 Nd4 44. a4 Rg5+ 45. Kh4 Kf7 46.
Kh3 Kf6 47. Kh4 Kf5 48. c5 bxc5 49. b6 cxb6 50. a5 Be7 51. axb6 axb6 52. Kh3
Kf4 53. Kh2 Kf3 54. Kh1 Kf2 55. Kh2 Rxh5# 0-1

[Event "NK-E Algemeen 2010"]
[Site "?"]
[Date "2010.04.03"]
[Round "9.22"]
[White "Hoekstra, Jan"]
[Black "Sealy, Alec"]
[Result "0-1"]
[WhiteElo "655"]
[BlackElo "621"]
[PlyCount "58"]
[EventDate "2010.??.??"]

1. e4 e5 2. Nf3 Nc6 3. Nc3 Bc5 4. Bb5 Nf6 5. Bxc6 dxc6 6. Nxe5 Qd4 7. Nd3 Nxe4
8. Nxe4 Qxe4+ 9. Qe2 Qxe2+ 10. Kxe2 O-O 11. Nxc5 Re8+ 12. Kd1 Re5 13. Nd3 Rg5
14. Re1 Bf5 15. Nf4 Rg4 16. g3 Rd8 17. b3 h6 18. Bb2 Rg5 19. Re7 Bg4+ 20. Ke1
Rc8 21. h4 Rc5 22. c3 Kf8 23. Re4 Bf3 24. Rc4 Re5+ 25. Kf1 g5 26. hxg5 hxg5 27.
Nh5 Be2+ 28. Ke1 Bxc4+ 29. Kd1 Be2+ 0-1